00997nam a22001697a 450000500170000000800410001702000220005804100080008008200240008810000220011224500930013426000520022730000090027936500110028850005050029965000230080420250331161253.0240214b |||||||| |||| 00| 0 eng d a978-93-92242-91-5 aEng aAD 610.7 BAL DB1237 aBalasubramanian N aTextbook of Educational Technology/Nursing Education for BSc Nursing Students Semester-V bVision Health Sciences Publishersc2023aPunjab a392p b550.00 aThe book is written in a best attractive and informative language and as per the New INC Syllabus for BSc Nursing Students. Additional information (Add on), High Tips, Important consideration are having the latest and updated information related to the content. Question bank with multiple choice questions with their answer key are given for student practice. Online complimentary access to PowerPoint lectures of each chapter. Content of the book have been reviewed by eminent nursing professionals a Nursing Education